000 00555nam a2200193Ia 4500
005 20260120124503.0
008 008 260114s9999 xx 000 0 eng d
020 _a9781787563803
037 _aEBOOK
040 _aCRL
_beng
_cCRL
041 _aeng
_2eng
084 _qCRL
245 0 _aStakeholders, Governance and Responsibility
260 _bEmerald Publishing
_c2018
700 _aShahla Seifi
_9907007
856 _uhttps://www.emerald.com/insight/publication/doi/10.1108/S2043-0523201814
942 _cEBOOK
999 _c1498693
_d1498693